Study on people's pesticide use on rice production in angkor chey district, kampot province សិក្សាពីការប្រើប្រាស់ថ្នាំកសិកម្មលើផលិតកម្មដំណាំស្រូវរបស់ប្រជាជនក្នុងស្រុកអង្គរជ័យ. (Record no. 1237)

000 -LEADER
fixed length control field 00706nam a22001577a 4500
003 - CONTROL NUMBER IDENTIFIER
control field OSt
005 - DATE AND TIME OF LATEST TRANSACTION
control field 20150925104521.0
008 - FIXED-LENGTH DATA ELEMENTS--GENERAL INFORMATION
fixed length control field 150925b xxu||||| |||| 00| 0 eng d
040 ## - CATALOGING SOURCE
Transcribing agency RUA
082 ## - DEWEY DECIMAL CLASSIFICATION NUMBER
Classification number AGR PHA 2013 BO55 Or.1
100 ## - MAIN ENTRY--PERSONAL NAME
9 (RLIN) 1312
Personal name PHAL, CHAMROUNE
245 ## - TITLE STATEMENT
Title Study on people's pesticide use on rice production in angkor chey district, kampot province សិក្សាពីការប្រើប្រាស់ថ្នាំកសិកម្មលើផលិតកម្មដំណាំស្រូវរបស់ប្រជាជនក្នុងស្រុកអង្គរជ័យ.
260 ## - PUBLICATION, DISTRIBUTION, ETC. (IMPRINT)
Place of publication, distribution, etc. Phnom Phen
Name of publisher, distributor, etc. RUA
Date of publication, distribution, etc. 2013
300 ## - PHYSICAL DESCRIPTION
Extent XII, 44p.
Other physical details ill.
Dimensions 29cm.
942 ## - ADDED ENTRY ELEMENTS (KOHA)
Source of classification or shelving scheme
Koha item type AGR
Holdings
Price effective from Date last seen Permanent Location Not for loan Date acquired Source of classification or shelving scheme Koha item type Lost status Withdrawn status Total Renewals Date last checked out Total Checkouts Shelving location Damaged status Barcode Current Location Full call number
2015-09-252015-09-25Library Block B 2015-09-25 AGR     B055 RUA005669Library Block BAGR PHA 2013 BO55 Or.1
2015-09-252016-10-12Library Block B 2015-09-25 AGR   2016-10-071B055 RUA005594Library Block BAGR PHA 2013 BO55 Or.2
2015-09-252016-10-26Library Block B 2015-09-25 AGR  22016-08-301B055 RUA005655Library Block BAGR PHA 2013 BO55 Or.4
2015-09-252015-09-25Library Block B 2015-09-25 AGR     B055 RUA005514Library Block BAGR PHA 2013 BO55 Or.3
2015-09-252015-09-25Library Block B 2015-09-25 AGR     B055 RUA005448Library Block BAGR PHA 2013 BO55 Or.6
2015-09-252015-09-25Library Block B 2015-09-25 AGR     B055 RUA006371Library Block BAGR PHA 2013 BO55 Or.5
2015-09-252015-09-25Library Block B 2015-09-25 AGR     B055 RUA005371Library Block BAGR PHA 2013 BO55 Or.7
2015-09-252015-09-25Library Block B 2015-09-25 AGR     B055 RUA006364Library Block BAGR PHA 2013 BO55 Or.8
មជ្ឈមណ្ឌលឯការនៃសាកលវិទ្យាល័យភូមិន្ទកសិកម្មចំការដូង

Powered by Koha